| 000 | 00597nam a22002170a 4500 | ||
|---|---|---|---|
| 001 | PT33952 | ||
| 003 | AR-LpoUNG | ||
| 005 | 20260131014317.0 | ||
| 008 | 191001suuuu||||ag |||||||||||||||||spa d | ||
| 040 |
_aAR-LpoUNG _bspa _cAR-LpoUNG _eaacr |
||
| 041 | _aspa | ||
| 082 | 0 | _a334.01 787loc | |
| 100 | 1 |
_aCoraggio, José Luis _93 |
|
| 245 | 1 | 0 |
_aDesarrollo local y economía del trabajo : _bteoría, método y política |
| 260 |
_as.l. : _bs.n., _cs.f. |
||
| 650 | 4 | _aEconomía laboral | |
| 650 | 4 | _aDesarrollo regional | |
| 650 | 4 | _aTeoría económica | |
| 905 | _a33952 | ||
| 942 |
_cFOTOC _2ddc |
||
| 999 |
_c55328 _d55328 |
||